| 000 | 01027cam a22002414a 4500 | ||
|---|---|---|---|
| 001 | 12811883 | ||
| 005 | 20061003093336.0 | ||
| 008 | 020610s2003 nyua b 001 0 eng | ||
| 020 | _a0333999363 (cloth) | ||
| 040 |
_aDLC _cDLC _dC#P _dDLC |
||
| 082 | 0 | 0 |
_a330.1 _221 _bVAG |
| 100 | 1 |
_aVaggi, Gianni. _930272 |
|
| 245 | 1 | 2 |
_aA concise History of Economic Thought : _bfrom Mercantilism to Monetarism / _cGianni Vaggi and Peter Groenewegen. |
| 260 |
_aNew York : _bPalgrave Macmillan, _c2003. |
||
| 300 |
_axvi, 339 p. : _bill. ; _c23 cm. |
||
| 504 | _aIncludes bibliographical references (p. 327-330) and index. | ||
| 650 | 0 |
_aEconomics _xHistory. _930273 |
|
| 653 |
_bEco _cJune2012 |
||
| 700 | 1 |
_aGroenewegen, Peter D. _930274 |
|
| 942 |
_2ddc _cBB |
||
| 999 |
_c16804 _d16804 |
||